000 00485nmm a2200157Ia 4500
008 251105s9999||||xx |||||||||||||||||und||
020 _a9789580612278
041 _aspa
100 _aBermúdez Ardila, Fernando
245 0 _aCastillo de cristal: el príncipe Bupín y los botines mágicos
264 _a[Bogotá, Colombia] :
_bOveja Negra,
_c2013
300 _a20 páginas
650 _aAges 6-8 Years Old
856 _uhttps://public.digitaliapublishing.com/a/55049
942 _cCF
999 _c94890
_d94890